Essential Guide to SPACE: (Record no. 590871)
[ view plain ]
| 000 -LEADER | |
|---|---|
| fixed length control field | 00516nam a22001337a 4500 |
| 020 ## - INTERNATIONAL STANDARD BOOK NUMBER | |
| International Standard Book Number | 9781849074193 |
| 040 ## - CATALOGING SOURCE | |
| Transcribing agency | NUST |
| 082 ## - DEWEY DECIMAL CLASSIFICATION NUMBER | |
| Classification number | 520 SUT |
| 100 ## - MAIN ENTRY--PERSONAL NAME | |
| Personal name | Paul Sutherland |
| 9 (RLIN) | 96792 |
| 245 ## - TITLE STATEMENT | |
| Title | Essential Guide to SPACE: |
| Remainder of title | The Definitive Guide to Exploring and Understanding our Solar Systems and The Universe Beyond |
| 260 ## - PUBLICATION, DISTRIBUTION, ETC. | |
| Place of publication, distribution, etc. | London: |
| Name of publisher, distributor, etc. | PHILIP'S |
| Date of publication, distribution, etc. | 2016. |
| 650 ## - SUBJECT ADDED ENTRY--TOPICAL TERM | |
| Topical term or geographic name entry element | The Definitive Guide to Exploring and Understanding our Solar Systems and The Universe Beyond: Essential Guide to SPACE |
| 9 (RLIN) | 96793 |
| 942 ## - ADDED ENTRY ELEMENTS (KOHA) | |
| Source of classification or shelving scheme | |
| Koha item type | Book |
| Withdrawn status | Lost status | Source of classification or shelving scheme | Damaged status | Not for loan | Permanent Location | Current Location | Shelving location | Date acquired | Total Checkouts | Full call number | Barcode | Date last seen | Price effective from | Koha item type |
|---|---|---|---|---|---|---|---|---|---|---|---|---|---|---|
| College of Electrical & Mechanical Engineering (CEME) | College of Electrical & Mechanical Engineering (CEME) | General Stacks | 08/11/2022 | 520 SUT | CEME-50590 | 08/11/2022 | 08/11/2022 | Book |
